| 000 | 01625cam a22003254a 4500 | ||
|---|---|---|---|
| 999 |
_c241 _d241 |
||
| 001 | 14306302 | ||
| 003 | GBCCL | ||
| 005 | 20241126110333.0 | ||
| 008 | 060320s2006 miuab bf 001 0 eng | ||
| 010 | _a 2006009459 | ||
| 020 | _a0310262704 | ||
| 020 | _a9780310262701 | ||
| 035 | _a(OCoLC)ocm65201290 | ||
| 035 | _a(OCoLC)65201290 | ||
| 040 |
_aDLC _cDLC _dDLC |
||
| 042 | _apcc | ||
| 082 | 0 | 0 |
_a270 _222 _bHIL |
| 100 | 1 |
_aHill, Jonathan, _d1976- _9116 |
|
| 245 | 1 | 0 |
_aZondervan handbook to the history of Christianity / _cJonathan Hill. |
| 260 |
_aGrand Rapids, Mich. : _bZondervan, _cc2006. |
||
| 300 |
_a559 p. : _bill. (some col.), col. maps ; _c25 cm. |
||
| 504 | _aIncludes bibliographical references (p. 539-545) and index. | ||
| 505 | 0 | _aChristian beginnings -- The young church -- Christian Rome -- Africa, the Middle East and the Missions East -- The Byzantine Empire -- A new Europe -- The high Middle Ages -- Russia : the heir of Byzantium -- The Reformation -- A new age of exploration -- Reason and revival -- The West after the Enlightenment -- The age of colonialism -- Modern Europe -- Modern America and Oceania -- Modern Asia -- Modern Africa. | |
| 650 | 0 |
_aChurch history. _9117 |
|
| 856 | 4 | 1 |
_3Table of contents only _uhttp://www.loc.gov/catdir/toc/ecip0610/2006009459.html |
| 856 | 4 | 2 |
_3Publisher description _uhttp://www.loc.gov/catdir/enhancements/fy0708/2006009459-d.html |
| 906 |
_a7 _bcbc _corignew _d1 _eecip _f20 _gy-gencatlg |
||
| 942 |
_2ddc _cREF _03 |
||